000
00313nam a22001337a 4500
008
190205b xxu||||| |||| 00| 0 eng d
020
_a
9781851709199
041
_a
eng
080
_a
721
100
_a
41
101
_a
ARK
245
_a
A Concise Glossary of Architectural terms
_c
Parker,J.H
942
_2
udc
_c
BK
999
_c
54065
_d
54065